| 000 | 00595nam a2200181 i 4500 | ||
|---|---|---|---|
| 001 | 101791 | ||
| 003 | ES-MaACL | ||
| 005 | 20230906182959.0 | ||
| 007 | t| | ||
| 008 | 051025s1960 fr ||||1| fre d | ||
| 100 | 1 |
_aMeillet, Antoine ( _d1866-1936) _979843 |
|
| 245 | 1 | 0 |
_aTraité de grammaire comparée des langues classiques / _cpar A. Meillet et J. Vendryès. |
| 250 |
_a3ª ed. _brevue et augmentée par J. Vendryès. |
||
| 260 |
_aParis : _bHonoré Champion, _c1960. |
||
| 300 |
_aXX, 779 p. ; _c23 cm. |
||
| 700 | 1 |
_aVendryès, Joseph. _9113883 |
|
| 852 |
_aES-MaACL _jC-16882 _bR.45145 |
||
| 999 |
_c101791 _d101791 |
||